000 00433nam a2200181Ia 4500
001 3678
005 20260306145701.0
008 260306t1996||||xx |||||||||||||| ||spa||
041 _aESP
082 _a302
_bA47
100 _aAlvaro, José Luis (coord.)
_eAUT
245 0 _aPsicología social aplicada
260 _c1996
300 _axiv : 534 páginas :
_c24 cm.
650 _aGEN
654 _aCPS
942 _cLIB
_dJUS
_fJUS
_2ddc
_n
999 _c3678
_d3678